Estudio de la obesidad infantil y su relación con la imagen corporal en una muestra española (Registro nro. 648564)

Detalles MARC
001 - NÚMERO DE CONTROL
campo de control 1319574
005 - FECHA Y HORA DE LA ÚLTIMA TRANSACCIÓN
campo de control 20250306090837.0
008 - DATOS DE LONGITUD FIJA--INFORMACIÓN GENERAL
campo de control de longitud fija 130313s2012 spa
035 ## - NÚMERO DE CONTROL DEL SISTEMA
Número de control de sistema 1319574
040 ## - FUENTE DE LA CATALOGACIÓN
Centro/agencia transcriptor comduadb
041 ## - CÓDIGO DE LENGUA
Código de lengua del texto/banda sonora o título independiente spa
100 10 - ENTRADA PRINCIPAL--NOMBRE DE PERSONA
Nombre de persona Pallares Neila, Javier
Código de función aut
Término indicativo de función/relación Autor/a
9 (RLIN) 651582
245 10 - MENCIÓN DE TÍTULO
Título Estudio de la obesidad infantil y su relación con la imagen corporal en una muestra española
260 ## - PUBLICACIÓN, DISTRIBUCIÓN, ETC.
Fecha de publicación, distribución, etc. 2012.
650 #7 - PUNTO DE ACCESO ADICIONAL DE MATERIA--TÉRMINO DE MATERIA
Término de materia o nombre geográfico como elemento de entrada Obesidad
Fuente del encabezamiento o término lemb
9 (RLIN) 12710
650 #7 - PUNTO DE ACCESO ADICIONAL DE MATERIA--TÉRMINO DE MATERIA
Término de materia o nombre geográfico como elemento de entrada Obesidad
Subdivisión general Aspectos psicológicos
Fuente del encabezamiento o término
9 (RLIN) 1522
650 #0 - PUNTO DE ACCESO ADICIONAL DE MATERIA--TÉRMINO DE MATERIA
Término de materia o nombre geográfico como elemento de entrada Imagen corporal
9 (RLIN) 11344
650 ## - PUNTO DE ACCESO ADICIONAL DE MATERIA--TÉRMINO DE MATERIA
Término de materia o nombre geográfico como elemento de entrada Imagen corporal - Aspectos sociales
9 (RLIN) 185697
650 #7 - PUNTO DE ACCESO ADICIONAL DE MATERIA--TÉRMINO DE MATERIA
Término de materia o nombre geográfico como elemento de entrada Infancia
Enlace http://vocabularies.unesco.org/thesaurus/concept1666
Fuente del encabezamiento o término
9 (RLIN) 14323
650 #7 - PUNTO DE ACCESO ADICIONAL DE MATERIA--TÉRMINO DE MATERIA
Término de materia o nombre geográfico como elemento de entrada Autopercepción
Fuente del encabezamiento o término lemb
9 (RLIN) 39165
650 ## - PUNTO DE ACCESO ADICIONAL DE MATERIA--TÉRMINO DE MATERIA
Término de materia o nombre geográfico como elemento de entrada Niños enfermos
9 (RLIN) 73361
650 ## - PUNTO DE ACCESO ADICIONAL DE MATERIA--TÉRMINO DE MATERIA
Término de materia o nombre geográfico como elemento de entrada Obesidad infantil
9 (RLIN) 27411
700 10 - ENTRADA AGREGADA--NOMBRE PERSONAL
Nombre de persona Baile Ayensa, José I.
Código de función aut
Término indicativo de función/relación Autor/a
9 (RLIN) 669502
773 0# - ENLACE AL DOCUMENTO FUENTE/ENTRADA DE REGISTRO ANFITRIÓN
Título Psychologia : Avances de la Disciplina (Bogotá)
Parte(s) relacionada(s) Vol. 06, No. 02, Jul.-Dic. 2012, 13-21
Número de control del registro 1245342
Número Internacional Normalizado para Publicaciones Seriadas 1900-2386
Número bibliográfico anfitrión 585051
942 ## - ELEMENTOS DE ENTRADA AGREGADA (KOHA)
Tipo de ítem Koha Artículo de Revista

No hay ítems disponibles.